| 000 | 00964nam a2200313 a 4500 | ||
|---|---|---|---|
| 008 | |||
| 020 | _a0420445803 (hbk. ) | ||
| 020 | _a0420445900 (pbk. ) | ||
| 049 | _aMAIN | ||
| 090 |
_aKD2079 _bGOW |
||
| 245 | 0 | 0 |
_aGower's principles of modern company law / _cby L.C.B. Gower... [et al.]. |
| 250 | _a4th ed. | ||
| 260 |
_aLondon : _bStevens, _c1979. |
||
| 300 | _axci, 770 p. :c24 cm. | ||
| 504 | _aIncludes bibliographical references. | ||
| 500 | _aKept up to date by supplements. | ||
| 500 | _a"Table of cases": p. xxiii-lxix. | ||
| 500 | _a"Table of statutes": p. lxxi-xc. | ||
| 500 | _aIncludes index. | ||
| 650 | 0 |
_aCorporation law _zGreat Britain. |
|
| 700 | 1 | _aGower, L.C.B. | |
| 740 | 0 | _aPrinciples of modern company law. | |
| 740 | 0 | _aModern company law. | |
| 907 |
_a.b10061125 _b19-02-13 _c17-04-03 |
||
| 003 | |||
| 005 | 20230123134202.0 | ||
| 040 | _cNUST | ||
| 942 |
_cBOOKS _kKD2079 _mGOW |
||
| 999 |
_c161528 _d161528 |
||